01377nam a22002897a 4500003000500000008004100005020002200046040001400068041001300082082002800095100002200123245003000145260007600175300003800251336002700289337003300316338002900349505008200378650002800460650004000488650002400528942001400552952016800566952016800734952016800902999001701070BPGM260618b2009 mx ||||| |||| 001 0 spa d a978-607-7619-11-6 aBPGMbspa aspahspa0422009aCQ 861M/M843bC67 aMUNGUIA, DIONICIO aCONCIENCIA DE LAS RUINAS  aQUERETARO ; bINSTITUTO QUERETANO DE LA CULTURA Y LAS ARTES , c2009 .  a74 pàginas c22.2 cm x 10.2 cm  2rdacontentatextobtxt 2rdamediaasin mediaciónbn 2rdacarrieravolumen bnc aES UN LIBRO DE POESÍA QUE HABLA SOBRE LA FRAGILIDAD DE LA VIDA Y EL OLVIDO. aLITERATURA Y RETÓRICA aLITERATURAS ESPAÑOLA Y PORTUGUESA aPOESÍA ESPAÑOLA 2ddccCOLQ 00102ddc40728ESPQaBPCEFCbBPCEFCcSALA QUERÉTARO ACCESO B PLANTA ALTAd2026-06-18eDONADO l0oCQ 861M/M843 C67r2026-06-18 22:38:41tEJ.1w2026-06-18yCOLQ 00102ddc40728ESPQaBPCEFCbBPCEFCcSALA QUERÉTARO ACCESO B PLANTA ALTAd2026-06-18eDONADO l0oCQ 861M/M843 C67r2026-06-18 22:38:45tEJ.2w2026-06-18yCOLQ 00102ddc40728ESPQaBPCEFCbBPCEFCcSALA QUERÉTARO ACCESO B PLANTA ALTAd2026-06-18eDONADO l0oCQ 861M/M843 C67r2026-06-18 22:38:45tEJ.3w2026-06-18yCOLQ c68646d68646